Plaza Juan Santamaría, Alajuela : Centro de las artes y música
Na minha lista:
| Autor principal: | |
|---|---|
| Outros Autores: | |
| Formato: | Desconhecido |
| Idioma: | Spanish |
| Publicado em: |
[San José,Costa Rica],
2012
|
| Assuntos: | |
| Acesso em linha: | https://cedi.ucr.ac.cr/arquitectura/plaza-juan-santamaria-alajuela-centro-de-las-artes-y-musica/ |
| Tags: |
Adicionar Tag
Sem tags, seja o primeiro a adicionar uma tag!
|
MARC
| LEADER | 00000 a2200000 4500 | ||
|---|---|---|---|
| 003 | EA0030 | ||
| 005 | 20230627150233.0 | ||
| 008 | 140114s2012 cr a 000 ||spa d | ||
| 040 | |c cru CEDI | ||
| 090 | |a TFG EA-030 | ||
| 100 | |a Cartín Ruiz, Diana |9 19970 | ||
| 245 | |a Plaza Juan Santamaría, Alajuela : Centro de las artes y música | ||
| 260 | |a [San José,Costa Rica], |c 2012 | ||
| 500 | |a Proyecto de graduación (licenciatura en arquitectura)--Universidad de Costa Rica. Facultad de Ingeniería. Escuela de Arquitectura | ||
| 501 | |a Directora del Proyecto de Graduación: Arq. Alejandra Brenes Ramírez | ||
| 650 | |x PLAZA JUAN SANTAMARIA (ALAJUELA, COSTA RICA) |x DESARROLLO URBANO - ALAJUELA (COSTA RICA) |x DIFUSION DE LA CULTURA - ALAJUELA (COSTA RICA) |x DISENO ARQUITECTONICO |x ESPACIO (ARQUITECTURA) |9 19971 | ||
| 700 | |9 83 |a Brenes Ramírez, Alejandra, 1972- |d Directora del TFG | ||
| 856 | |u https://cedi.ucr.ac.cr/arquitectura/plaza-juan-santamaria-alajuela-centro-de-las-artes-y-musica/ |y https://cedi.ucr.ac.cr/arquitectura/plaza-juan-santamaria-alajuela-centro-de-las-artes-y-musica/ | ||
| 942 | |c CEDI |2 ddc | ||
| 999 | |c 12978 |d 12978 | ||
